| 000 | 01555nam a22002297a 4500 | ||
|---|---|---|---|
| 999 |
_c60051 _d60051 |
||
| 003 | Ge_BSU | ||
| 005 | 20230601163347.0 | ||
| 008 | 230601s1999 ge ||||| |||| 00| 0 geo d | ||
| 041 | _ageo | ||
| 080 | _a902.2(479.22) მ-58 | ||
| 245 |
_aმესხეთი : _bტ. 3. საისტორიო კრებული / _cრედ. ნ. ახალკაცი, რ. გოგოლაური, გ. კუტალაძე და სხვ.; ივანე ჯავახიშვილის სახელობის თბილისის სახელმწიფო უნივერსიტეტის ახალციხის ფილიალი. |
||
| 264 |
_aთბილისი : _bახალციხე, _c1999. |
||
| 300 |
_a240 გვ.; _b20 სმ. |
||
| 500 | _aპარალელური თავფურცელი ინგლისურ და რუსულ ენებზე. | ||
| 653 | _aმესხეთი | ||
| 653 | _aსაისტორიო კრებული | ||
| 700 |
_aახალკაცი, ნ. _eრედაქტორი _96363 |
||
| 700 |
_aგოგოლაური, რ. _eრედაქტორი _918398 |
||
| 700 |
_aკუტალაძე, გ. და სხვ. _918399 |
||
| 710 |
_aივანე ჯავახიშვილის სახელობის თბილისის სახელმწიფო უნივერსიტეტის ახალციხის ფილიალი. _918400 |
||
| 942 |
_2udc _cBK |
||